| 000 | 00681nam a22002417a 4500 | ||
|---|---|---|---|
| 005 | 20241207121722.0 | ||
| 008 | 241207b ||||| |||| 00| 0 eng d | ||
| 020 | _a9789388918400 | ||
| 040 | _cAL | ||
| 041 | _aeng | ||
| 082 |
_223 _a346.02254 _bMULI |
||
| 100 |
_aMulla _9188671 |
||
| 245 | _aIndian Contract ACT 1872 Vol 1 | ||
| 260 |
_aDelhi _bDelhi Law House _c2024 |
||
| 300 |
_accx,1012p. _bHB _c25x17cm |
||
| 365 |
_2Law _a1060 _b1896.175 _c₹ _d2597.50 _e₹ _f28-11-2024 |
||
| 440 |
_nVol 1 _9188649 |
||
| 650 |
_aCommunication _9188639 |
||
| 650 |
_aContingent Contracts _9188640 |
||
| 700 |
_aMULLA _9188641 |
||
| 700 |
_aSHAIK (Rasheed) _9188662 |
||
| 942 |
_2ddc _cREF |
||
| 999 |
_c232279 _d232279 |
||